Household fertility behaviour and children's schooling amongst tribals / (Record no. 15381)

MARC details
000 -LEADER
fixed length control field 01023nam a22002537a 4500
008 - FIXED-LENGTH DATA ELEMENTS--GENERAL INFORMATION
fixed length control field 080908t xxu||||| |||| 00| 0 eng d
010 ## - LCCN (DPL NO)
LC control number ENG-90965
020 ## - INTERNATIONAL STANDARD BOOK NUMBER
International Standard Book Number 8183241557
Terms of availability 395.00
035 ## - SYSTEM CONTROL NUMBER
System control number EN-74498
037 ## - SOURCE OF ACQUISITION
Source of stock number/acquisition DBAD /PUB
040 ## - CATALOGING SOURCE
Original cataloging agency DPL
Language of cataloging English
082 ## - DEWEY DECIMAL CLASSIFICATION NUMBER
Classification number 307.772
100 ## - MAIN ENTRY--PERSONAL NAME
Personal name Dutta, Sumanash
245 ## - TITLE STATEMENT
Title Household fertility behaviour and children's schooling amongst tribals /
Statement of responsibility, etc by Sumanash Dutta
260 ## - PUBLICATION, DISTRIBUTION, ETC. (IMPRINT)
Place of publication, distribution, etc New Delhi
Name of publisher, distributor, etc Mittal Publications
Date of publication, distribution, etc 2008
300 ## - PHYSICAL DESCRIPTION
Extent xiv, 146p.
Dimensions 23 cm (Hb)
500 ## - GENERAL NOTE
General note Includes bibliographical references and index
651 ## - SUBJECT ADDED ENTRY--GEOGRAPHIC NAME
Geographic name Tripura (India)
General subdivision Scheduled tribes
651 ## - SUBJECT ADDED ENTRY--GEOGRAPHIC NAME
Geographic name Tripura (India)
General subdivision Social conditions
651 ## - SUBJECT ADDED ENTRY--GEOGRAPHIC NAME
Geographic name Tripura (India)
General subdivision Economic conditions
651 ## - SUBJECT ADDED ENTRY--GEOGRAPHIC NAME
Geographic name Tripura (India)
General subdivision Scheduled tribes
-- Education
942 ## - ADDED ENTRY ELEMENTS (KOHA)
Source of classification or shelving scheme Dewey Decimal Classification
Item type English Books
Call number suffix DUT
Classification part 307.772
Holdings
Withdrawn status Lost status Source of classification or shelving scheme Damaged status Not for loan Collection code Home library Current library Date acquired Source of acquisition Cost, normal purchase price Total Checkouts Full call number Barcode Date last seen Copy number Cost, replacement price Koha item type
    Dewey Decimal Classification   Not For Loan Non-fiction D.B.Act.Division D.B.Act.Division 08/09/2008 DBAD / PUB 395.00   307.772 DUT EN-74498 15/09/2008 1 395.00 English Books

© Delhi Public Library
Hit Counter
free hit counter